000 00779nas a2200253 4500
001 BR7908507
003 BR-BrBNA
005 20231205084034.0
007 ta
008 230509b bl.|||p| |||| 00| 00por d
040 _aBR-BrBNA
_bpor
_cBiblioteca Nacional de Agricultura
041 _a(Pt)
072 _aH20
100 1 _aPompeu, A.S.
245 1 _aLinhagens de feijoeiro (Phaseolus vulgaris)resistentes ao fungo da antracnose (Colletotrichum lindemuthianum)
650 _aFEIJAO
650 _aANTRACNOSE
650 _aFUNGO
650 _aVARIEDADE RESISTENTE
650 _aLINHAGEM
773 0 _tSumma Phytopathologica (Brazil)
_xISSN 0100-5405
_g(Jul-Dec 1979), v. 5(3-4) p. 148-152
_wBR7908507
909 _a202311
_bLúcia
_c55
_dLúcia Elande
942 _2AGRIS
_n0
_cANA
999 _c102735
_d102735